[Event "AUT-chT2M 9899"]
[Site "Austria"]
[Date "1998.11.27"]
[Round "1"]
[White "Knoll, Hermann"]
[Black "Karner, Christoph"]
[Result "0-1"]
[WhiteElo "2325"]
[BlackElo "2175"]

1.d4 Nf6 2.Bg5 g6 3.Bxf6 exf6 4.c4 Bg7 5.Nc3 f5 6.g3 O-O 7.e3 d6 8.Nge2 c5
9.Bg2 Nc6 10.O-O cxd4 11.exd4 f4 12.Nxf4 Nxd4 13.Qd2 Bg4 14.f3 Be6 15.Nfd5 Rc8
16.b3 Re8 17.Rae1 Qa5 18.Qd1 b5 19.Re4 b4 20.Ne2 Bxd5 21.cxd5 Nb5 22.Bh3 f5
23.Rc4 Rxc4 24.bxc4 Qxa2 25.cxb5 Rxe2 26.Re1 Bd4+ 27.Qxd4 Rxe1+ 28.Bf1 Qa1
29.Qxb4 Rxf1+ 30.Kg2 Rg1+ 31.Kh3 Qf1+  0-1

[Event "Iona Tech Masters"]
[Site "Kilkenny"]
[Date "1998.11.27"]
[Round "1"]
[White "Orr, Mark J L"]
[Black "Richards, John"]
[Result "0-1"]
[WhiteElo "2360"]
[BlackElo "2050"]

1.d4 Nf6 2.Bg5 g6 3.Bxf6 exf6 4.c4 Bg7 5.Nc3 O-O 6.e3 d6 7.g3 f5 8.Nge2 Nd7
9.Bg2 c5 10.O-O Rb8 11.Nb5 Nb6 12.b3 a6 13.Nbc3 Nd7 14.a4 b6 15.Ra2 Nf6 16.Rd2 Qe7
17.dxc5 dxc5 18.Nd5 Nxd5 19.cxd5 Qd6 20.Qc2 Bd7 21.Rc1 Rfc8 22.h4 b5 23.axb5 axb5
24.Rdd1 c4 25.bxc4 Rxc4 26.Qb1 Rb4 27.Qd3 Rb2 28.Nd4 b4 29.Qc4 Bxd4 30.Qxd4 Ra2
31.h5 h6 32.hxg6 fxg6 33.Qc5 Qxc5 34.Rxc5 b3 35.d6 Kf8 36.Bd5 Ra6 37.Rc7 b2
38.Rxd7 Ra1 39.Rf7+ Ke8 40.d7+ Kd8 41.Rf8+ Kxd7 42.Rxb8 Rxd1+ 43.Kg2 b1=Q
44.Rxb1 Rxb1 45.Bf7 g5 46.Bg6 Rb5 47.g4 fxg4 48.Kg3 Rb4 49.Bf5+ Kd6 50.Bxg4 Ke5
51.f3 Rb3 52.e4 Rb1 53.Bc8 Rg1+ 54.Kf2 Rc1 55.Bg4 Kf4 56.Kg2 Rc2+  0-1

[Event "AUT-chT2M 9899"]
[Site "Austria"]
[Date "1998.11.28"]
[Round "2"]
[White "Knoll, Hermann"]
[Black "Brandstaetter, Friedrich"]
[Result "0-1"]
[WhiteElo "2325"]
[BlackElo "2135"]

1.d4 Nf6 2.Bg5 d5 3.Bxf6 gxf6 4.e3 c5 5.Nc3 e6 6.Qf3 Nc6 7.Nge2 Bd7 8.g4 cxd4
9.exd4 Be7 10.O-O-O Qa5 11.Ng3 Rg8 12.h3 Rc8 13.Kb1 Nb4 14.Nge2 Ba4 15.b3 Bb5
16.Nc1 Bxf1 17.Rhxf1 Kd7 18.Rfe1 Rc6 19.Re3 Rgc8 20.h4 b5 21.Rd2 Ra6 22.Rde2 Rxc3
23.Rxc3 Nxa2 24.Nxa2 Qxa2+ 25.Kc1 Bb4 26.Ree3 Rc6 27.Kd2 Rxc3 28.Rxc3 Qb2
29.Qd3 Qxc3+ 30.Qxc3 Bxc3+ 31.Kxc3 a5 32.f4 Kd6 33.g5 fxg5 34.hxg5 Ke7 35.Kd3 f6
36.c4 dxc4+ 37.bxc4 bxc4+ 38.Kxc4 fxg5 39.fxg5 Kd6  0-1

[Event "Sonnevanck 7th"]
[Site "Wijk aan Zee"]
[Date "1998.12.01"]
[Round "1"]
[White "Kroeze, Frank M"]
[Black "Vink, Nico"]
[Result "1/2-1/2"]
[WhiteElo "2390"]
[BlackElo "2285"]

1.d4 Nf6 2.Bg5 d5 3.e3 Bf5 4.Bxf6 exf6 5.Bd3 Qd7 6.Ne2 Bd6 7.O-O O-O 8.c4 Bxd3
9.Qxd3 dxc4 10.Qxc4 Qe6 11.Nd2 Nd7 12.Rfc1 c6 13.Nc3 Nb6 14.Qb3 Rfd8 15.Nce4 Bf8
16.a4 Qxb3 17.Nxb3 Nd7 18.g3 f5 19.Nec5 Nxc5 20.Nxc5 Rab8 21.Nd3 a5 22.Rc2 g6
23.Rac1 Ra8 24.Nc5 Bxc5 25.Rxc5 Ra6 26.R1c2 Kf8 27.Kg2 Ke7 28.Kf3 Kd6 29.Kf4 f6
30.h3 h5 31.h4 Rda8 32.R2c3 Rb6 33.b3 Rb4 34.R5c4 Rb6 35.f3 Ke6 36.e4 fxe4
37.fxe4 Rd8 38.Rd3 Rd6 39.Rc5 Rb4 40.Ke3 b6 41.Rc4 Rxc4 42.bxc4 c5 43.d5+ Ke5
44.Rd1 Rd7 45.Rb1 Rb7 46.Rf1 Rh7 47.Rf2 Rh8 48.Rd2 Rd8 49.Rd1 Rd7 50.Rd3 Rd8
51.Rd2 Rd7 52.Rf2 Rh7 53.Rf4 Rh8 54.Kf3 Rh6 55.Ke3 Rh8 56.Rf1 Rh7 57.Rg1 Rh8
58.Re1 Rd8 59.Rd1 Rd7 60.Rb1 Rb7 61.Rb2  1/2-1/2

[Event "Young Masters 6th"]
[Site "Loures"]
[Date "1998.12.08"]
[Round "7"]
[White "Carvalho, Alda"]
[Black "Reis, Luis Sousa"]
[Result "0-1"]
[WhiteElo "2110"]
[BlackElo "2225"]

1.d4 Nf6 2.Bg5 c5 3.Nc3 cxd4 4.Qxd4 Nc6 5.Qh4 e6 6.O-O-O Be7 7.e3 h6 8.Bd3 Ne5
9.f4 Nxd3+ 10.Rxd3 a6 11.e4 d6 12.e5 d5 13.exf6 gxf6 14.Qh5 fxg5 15.f5 Qd6
16.Nge2 Qe5 17.Rf1 Bd7 18.Ng3 Rf8 19.f6 Bxf6 20.Qxh6 Bg7 21.Qh5 O-O-O 22.Nd1 d4
23.Rb3 Be8 24.Qf3 Qd5 25.Ne4 Bc6 26.Ndf2 g4 27.Qxg4 f5 28.Qxg7 fxe4 29.Rh3 Qc4  0-1

[Event "Bundesliga 9899"]
[Site "Germany"]
[Date "1998.12.12"]
[Round "5.7"]
[White "Breutigam, Martin"]
[Black "Brendel, Oliver"]
[Result "0-1"]
[WhiteElo "2360"]
[BlackElo "2420"]

1.d4 Nf6 2.Bg5 g6 3.Bxf6 exf6 4.g3 Bg7 5.Bg2 O-O 6.e3 f5 7.Ne2 d6 8.c4 Nd7
9.Nbc3 Nf6 10.O-O h5 11.b4 h4 12.a4 hxg3 13.hxg3 Ng4 14.Re1 Bh6 15.Qd3 a5
16.b5 Rb8 17.Rab1 Bg5 18.Nd5 Bd7 19.Nef4 Re8 20.Bf3 c6 21.bxc6 Bxc6 22.e4 Bxf4
23.Nxf4 fxe4 24.Bxe4 Qf6 25.Bf3 Qh8 26.Re2 Rxe2 27.Qxe2 Re8 28.Qxe8+ Bxe8
29.Bxg4 Qxd4 30.Rxb7 Bc6 31.Rb8+ Kg7 32.Be2 Qe4 33.f3 Qe3+ 34.Kg2 g5 35.Nh5+ Kg6
36.Kh3 Kxh5  0-1

[Event "Gudmundur Arason op 4th"]
[Site "Hafnarfjordur"]
[Date "1998.12.15"]
[Round "2"]
[White "Einarsson, Einar Kristinn"]
[Black "Hansson, Dan"]
[Result "1/2-1/2"]
[WhiteElo "2125"]
[BlackElo "2230"]

1.d4 Nf6 2.Bg5 g6 3.Bxf6 exf6 4.e3 Bg7 5.Bd3 O-O 6.Nc3 d5 7.Nge2 Re8 8.Qd2 c6
9.O-O-O Nd7 10.h4 f5 11.h5 Nf6 12.hxg6 hxg6 13.Nf4 Qd6 14.Kb1 b5 15.Nce2 a5
16.Nc1 a4 17.a3 Bd7 18.c3 Ne4 19.Qc2 Qf6 20.Bf1 Bf8 21.Ncd3 Bd6 22.g3 Kg7
23.f3 Ng5 24.Qf2 Qe7 25.Re1 Rh8 26.Bg2 Rxh1 27.Rxh1 Rh8 28.Rxh8 Kxh8 29.Kc2 Kg7
30.Nb4 Nh7 31.Qe1 Nf6 32.Nfd3 Be8 33.Kd2 Qc7 34.f4 Ne4+ 35.Bxe4 dxe4 36.Nf2 c5
37.Nc2 c4 38.Nd1 f6 39.Qh1 g5 40.Qh2 Bf7 41.Nf2 Bg6 42.Nd1 Qf7 43.Qh3  1/2-1/2

[Event "Festival comtois 3rd"]
[Site "Belfort"]
[Date "1998.12.16"]
[Round "3"]
[White "Hauchard, Arnaud"]
[Black "Bologan, Viktor"]
[Result "1-0"]
[WhiteElo "2500"]
[BlackElo "2585"]

1.d4 Nf6 2.Bg5 d5 3.e3 c6 4.Nd2 Qb6 5.Rb1 Bf5 6.Bd3 Bxd3 7.cxd3 Nbd7 8.Ne2 h6
9.Bh4 e6 10.Nc3 Be7 11.O-O O-O 12.Nf3 Rfe8 13.Na4 Qa6 14.Qc2 b5 15.Nc5 Bxc5
16.dxc5 e5 17.b4 Nh7 18.e4 d4 19.Nd2 Qc8 20.Nb3 g5 21.Bg3 Ndf8 22.f3 Ng6
23.Be1 h5 24.g3 Qe6 25.Qe2 Rad8 26.Bd2 Rf8 27.f4 gxf4 28.gxf4 f5 29.Qxh5 Kh8
30.Rbe1 exf4 31.exf5 Qd5 32.Qf3 Qxf3 33.Rxf3 Ng5 34.Rff1 Rxf5 35.Kh1 Kh7
36.Na5 Rf6 37.Nb7 Rdf8 38.Nd6 Nh4 39.Ne4 Nxe4 40.Rxe4 Ng6 41.Rxd4 Re8 42.Rd7+ Kh6
43.Kg2 Kg5 44.d4 Re4 45.d5 Ne5 46.dxc6 Rxc6 47.Rd5 Kf5 48.Bc3 Rg6+ 49.Kf2 Rh6
50.Rxe5+ Rxe5 51.Bxe5 Kxe5 52.Kg2 Ke4 53.Re1+ Kd3 54.a3 Kc2 55.Re7 Ra6 56.Rb7 Rxa3
57.Rxb5 Kd3 58.c6 f3+ 59.Kf2 Ke4 60.c7 Ra2+ 61.Ke1 Ra1+ 62.Kd2 f2 63.c8=Q Rd1+
64.Kxd1 f1=Q+  1-0

[Event "Gudmundur Arason op 4th"]
[Site "Hafnarfjordur"]
[Date "1998.12.16"]
[Round "3"]
[White "Thorfinnsson, Bjorn"]
[Black "Hardarson, Robert"]
[Result "0-1"]
[WhiteElo "2115"]
[BlackElo "2325"]

1.d4 Nf6 2.Bg5 c5 3.Bxf6 exf6 4.d5 d6 5.e4 g6 6.Bd3 Bg7 7.Nd2 O-O 8.Ngf3 f5
9.exf5 Re8+ 10.Kf1 Bxb2 11.Rb1 Bg7 12.fxg6 hxg6 13.h4 Bg4 14.Rxb7 Nd7 15.Qb1 c4
16.Bxc4 Nc5 17.Rb5 Rc8 18.Bd3 Qe7 19.Kg1 Nxd3 20.cxd3 Qe2 21.Qf1 Bxf3  0-1

[Event "Carlos Torre op 11th"]
[Site "Merida"]
[Date "1998.12.22"]
[Round "9"]
[White "Amura, Claudia Noemi"]
[Black "Baldursson, H."]
[Result "1-0"]
[WhiteElo "2350"]
[BlackElo "2180"]

1.d4 Nf6 2.Bg5 g6 3.Bxf6 exf6 4.e3 Bg7 5.g3 d5 6.c4 c6 7.Nc3 Be6 8.Qb3 Qd7
9.cxd5 cxd5 10.Bg2 O-O 11.Bxd5 Bxd5 12.Qxd5 Qe7 13.Nge2 Nc6 14.O-O f5 15.Rac1 Rad8
16.Qf3 a6 17.Na4 Nb4 18.a3 Nd5 19.Nc5 b6 20.Nxa6 Qa7 21.Nb4 Nxb4 22.axb4 Qa4
23.Nf4 Qxb4 24.Nd3 Qb5 25.Rc3 Rc8 26.Rfc1 Rxc3 27.Rxc3 h5 28.h4 Qa4 29.Kg2 b5
30.Qd5 b4 31.Rc7 Qd1 32.Nf4 Qa4 33.Nxg6 Qa8 34.Rb7 Qd8 35.Ne7+ Kh8 36.Qxf5 Qd6
37.Qxh5+ Bh6 38.Nf5 Qc6+ 39.Kh2 Kh7 40.Rxf7+ Rxf7 41.Qxf7+ Kh8 42.Ne7  1-0

[Event "Rilton Cup 9899"]
[Site "Stockholm"]
[Date "1998.12.28"]
[Round "1"]
[White "Bellon Lopez, Juan Manuel"]
[Black "Buervenich, Silvia"]
[Result "1-0"]
[WhiteElo "2490"]
[BlackElo "2170"]

1.d4 Nf6 2.Bg5 c5 3.Bxf6 gxf6 4.d5 Qb6 5.Qc1 f5 6.e3 Bg7 7.c3 Qf6 8.a4 O-O
9.Na3 d6 10.Qd2 b6 11.Nh3 Kh8 12.Be2 Rg8 13.O-O Nd7 14.a5 Ne5 15.f4 Nd7 16.Rf3 Bf8
17.a6 e6 18.Ng5 Qe7 19.Nxf7+ Qxf7 20.dxe6 Qf6 21.exd7 Bxd7 22.Bc4 Rg7 23.Rg3 Rxg3
24.hxg3 Rb8 25.Qd3 Bc6 26.Bd5 Bxd5 27.Qxd5 b5 28.Rc1 Rb6 29.Rc2 b4 30.cxb4 cxb4
31.Nb5 Rxa6 32.Nd4 Ra1+ 33.Kf2 a5 34.Rc8 Rd1 35.Qe6 Qg7 36.Qxf5 Kg8 37.Rxf8+  1-0

[Event "Trinec op"]
[Site "Trinec"]
[Date "1998.12.29"]
[Round "4"]
[White "Karlik, Vladimir"]
[Black "Trojacek, Pavel"]
[Result "1-0"]
[WhiteElo "2305"]
[BlackElo "2140"]

1.d4 d5 2.Bg5 Nf6 3.Bxf6 exf6 4.e3 Bd6 5.c4 dxc4 6.Bxc4 O-O 7.Nc3 c6 8.e4 b5
9.Bd3 a6 10.a4 b4 11.Nb1 c5 12.d5 f5 13.Nd2 Nd7 14.exf5 Ne5 15.Be4 c4 16.Ngf3 c3
17.bxc3 bxc3 18.Nf1 a5 19.Ne3 Ba6 20.Nd4 Qh4 21.Qc2 Rfb8 22.g3 Qf6 23.Nb5 Bxb5
24.axb5 Rxb5 25.O-O Bc5 26.d6 Rc8 27.Nd5 Qxd6 28.Nxc3 Rbb8 29.Rad1 Qh6 30.Qe2 Bxf2+
31.Rxf2 Rxc3 32.Qb5 Rbc8 33.Qxe5 Rc1 34.Rxc1 Qxc1+ 35.Kg2 a4 36.f6 a3 37.Bd5  1-0

[Event "Trinec op"]
[Site "Trinec"]
[Date "1998.12.30"]
[Round "5"]
[White "Trojacek, Pavel"]
[Black "Blazkova, Petra"]
[Result "0-1"]
[WhiteElo "2140"]
[BlackElo "2240"]

1.d4 Nf6 2.Bg5 c5 3.Bxf6 gxf6 4.d5 Qb6 5.Qc1 f5 6.c4 Bg7 7.Nc3 d6 8.e3 Nd7
9.Nf3 Nf6 10.Bd3 e5 11.dxe6 fxe6 12.Qc2 O-O 13.O-O Ng4 14.e4 f4 15.e5 Nxe5
16.Bxh7+ Kh8 17.Nxe5 Bxe5 18.Rad1 Qc7 19.Be4 Qg7 20.Rd3 Rf6 21.Rh3+ Rh6 22.Rxh6+ Qxh6
23.Rd1 Bd7 24.Rd3 Rg8 25.Kh1 f3 26.h3 fxg2+ 27.Bxg2 Qf4 28.Rg3 Rxg3 29.fxg3 Qxg3
30.Kg1 Qe1+ 31.Bf1 Bd4+  0-1

[Event "UKR-chT"]
[Site "Alushta"]
[Date "1998.??.??"]
[Round "?"]
[White "Moiseenko, Alexander"]
[Black "Tikhomirov, Alexey"]
[Result "1/2-1/2"]
[WhiteElo "2435"]
[BlackElo "2320"]

1.d4 Nf6 2.Bg5 d5 3.Bxf6 exf6 4.e3 Bd6 5.c4 dxc4 6.Bxc4 O-O 7.Nc3 c6 8.Nf3 Nd7
9.Qc2 Re8 10.O-O Nf8 11.h3 Qa5 12.Rfc1 a6 13.a3 Qh5 14.Be2 Qg6 15.Qxg6 hxg6
16.b4 g5 17.Nd2 f5 18.Na4 Be6 19.Nc5 Re7 20.Rab1 Rd8 21.Ndb3 Bxb3 22.Rxb3 f4
23.Bc4 Nh7 24.Re1 Bxc5 25.dxc5 Nf6 26.Rd3 Rxd3 27.Bxd3 fxe3 28.Rxe3 Rxe3
29.fxe3 g6 30.Kf2 Kf8 31.e4 Nd7 32.Ke3  1/2-1/2

[Event "BEL-chT 9798"]
[Site "Antwerp"]
[Date "1998.??.??"]
[Round "7"]
[White "Winants, Luc"]
[Black "De Wit, Dick"]
[Result "1/2-1/2"]
[WhiteElo "2515"]
[BlackElo "2335"]

1.d4 Nf6 2.Bg5 g6 3.Nc3 d5 4.e3 Bg7 5.Nf3 b6 6.Ne5 O-O 7.Be2 Bb7 8.h4 Nfd7
9.Nf3 Nf6 10.Bxf6 Bxf6 11.h5 Nd7 12.Qd2 Re8 13.O-O-O e6 14.Nh2 Bg7 15.f4 c5
16.Bb5 Rc8 17.hxg6 hxg6 18.Nf3 Bc6 19.Bxc6 Rxc6 20.g4 b5 21.Ne5 Nxe5 22.fxe5 cxd4
23.exd4 Qa5 24.Qh2 b4 25.Nb1 Qxa2 26.Rdf1 Kf8 27.Rf2 Rec8 28.Qf4 R8c7 29.Rfh2 Kg8
30.g5 Qa4 31.Qd2 a5 32.Qd3 Qa2 33.Qh3 Kf8 34.Qf3 Kg8 35.Qh3 Kf8 36.Qf3 Kg8
37.Qh3 Kf8 38.Qf3  1/2-1/2

[Event "Arco op"]
[Site "Arco"]
[Date "1998.??.??"]
[Round "8"]
[White "Ptaschinski, Dirk"]
[Black "Lantini, Marco"]
[Result "0-1"]
[WhiteElo "2205"]
[BlackElo "2180"]

1.d4 Nf6 2.Bg5 c5 3.Bxf6 exf6 4.e3 Qb6 5.b3 d5 6.Nf3 Bd6 7.Be2 O-O 8.O-O Nc6
9.dxc5 Qxc5 10.c3 Rd8 11.Nd4 a6 12.Bd3 g6 13.f4 Re8 14.Qf3 b5 15.b4 Nxd4
16.exd4 Qc7 17.f5 Bxh2+ 18.Kh1 g5 19.a4 Bd7 20.axb5 axb5 21.Rxa8 Rxa8 22.Qh5 Bd6
23.Qh6 Qd8 24.Qh3 Bf8 25.Qf3 Qc7 26.Qe2 Re8 27.Qf3 Bd6 28.Bc2 Bf4 29.Bb3 Re3
30.Qf2 Qd6 31.Re1 Rxe1+ 32.Qxe1 Bxf5 33.Qe8+ Kg7 34.Na3 Bg3 35.Nxb5 Qf4 36.Qe2  0-1

[Event "AUT-chT2O 9899"]
[Site "AUT"]
[Date "1998.??.??"]
[Round "2"]
[White "Hansen Kim, X."]
[Black "Somasundram, Jayakumar"]
[Result "0-1"]
[WhiteElo "2120"]
[BlackElo "2090"]

1.d4 Nf6 2.Bg5 c5 3.Bxf6 exf6 4.e3 d6 5.c3 Qc7 6.Bd3 f5 7.Nd2 g6 8.Qe2 Qe7
9.dxc5 dxc5 10.O-O-O Bg7 11.h4 Be6 12.Kb1 Nd7 13.f4 O-O-O 14.e4 Nb6 15.Bc2 fxe4
16.Qxe4 Qc7 17.Qf3 Bd5 18.Be4 Rhe8 19.Bxd5 Nxd5 20.Nc4 Nxf4 21.Nh3 Nxh3 22.Qxh3+ Kb8
23.Qf3 f5 24.h5 Re4 25.Rxd8+ Qxd8 26.Rd1 Qe7 27.Nd6 Re1 28.Rxe1 Qxe1+ 29.Kc2 Qe7
30.Qd5 Bf8 31.hxg6 hxg6 32.Nf7 Qe2+ 33.Kb3 c4+ 34.Ka4 Qe8+ 35.Qb5 Qxf7 36.b4 cxb3
37.axb3 Qe6  0-1

[Event "Bayern-ch Bank Hofmann 2nd"]
[Site "Bad Wiesse"]
[Date "1998.??.??"]
[Round "3"]
[White "Lobron, Eric"]
[Black "Kountz, Jochen"]
[Result "1-0"]
[WhiteElo "2540"]
[BlackElo "2290"]

1.d4 Nf6 2.Bg5 c5 3.Bxf6 gxf6 4.d5 Qb6 5.Qc1 h5 6.c3 d6 7.Na3 Nd7 8.e3 a6
9.Nc4 Qc7 10.a4 Ne5 11.f4 Nxc4 12.Bxc4 Bf5 13.Nf3 Be4 14.O-O Qd7 15.Qd1 Rg8
16.Rf2 Qg4 17.Be2 Qf5 18.Nd2 Bc2 19.Qc1 Bd3 20.Bf3 Bh6 21.c4 Qg6 22.a5 Bf5
23.b4 cxb4 24.Qb2 Kf8 25.Qxb4 Rb8 26.Ra3 Kg7 27.e4 Bg4 28.Bxg4 hxg4 29.Rg3 Kh7
30.Qb1 e6 31.dxe6 fxe6 32.f5 exf5 33.exf5 Qe8 34.Ne4 Qe5 35.Re2 Qd4+ 36.Kh1 Bg5
37.Rxg4 Bh6 38.Rg6 Rxg6 39.fxg6+ Kg7 40.Ng3 Kg8 41.Nf5 Qf4 42.Re1 Bg5 43.Qd3 Qd2
44.Qe4 Qxa5 45.Qe8+ Rxe8 46.Rxe8+  1-0

[Event "Bad Wildungen op"]
[Site "Bad Wildungen"]
[Date "1998.??.??"]
[Round "1"]
[White "Starke, Dieter"]
[Black "Kreiling, Carsten"]
[Result "1/2-1/2"]
[WhiteElo "2250"]
[BlackElo "2100"]

1.d4 Nf6 2.Bg5 d5 3.Bxf6 exf6 4.e3 c6 5.Bd3 Bd6 6.c3 f5 7.Ne2 Qg5 8.Qc2 g6
9.g3 h5 10.Nd2 Nd7 11.O-O-O Qe7 12.Rde1 Nf6 13.f3 Be6 14.e4 fxe4 15.fxe4 dxe4
16.Nxe4 Nxe4 17.Bxe4 O-O-O 18.Nf4  1/2-1/2

[Event "Stadtcasino op 3rd"]
[Site "Baden"]
[Date "1998.??.??"]
[Round "5"]
[White "Kuemin, Simon"]
[Black "Handke, Florian"]
[Result "1-0"]
[WhiteElo "2120"]
[BlackElo "2260"]

1.d4 Nf6 2.Bg5 g6 3.Bxf6 exf6 4.c4 Bg7 5.Nc3 O-O 6.g3 Re8 7.Bg2 d6 8.e3 c6
9.Nge2 a5 10.O-O Bd7 11.Qd2 Na6 12.a3 Rb8 13.Rfc1 Be6 14.b3 f5 15.Rab1 Nc7
16.d5 cxd5 17.Nxd5 Nxd5 18.Bxd5 Bxd5 19.Qxd5 b5 20.Qd3 Re5 21.Nf4 Qb6 22.b4 bxc4
23.Rxc4 Rb5 24.Nd5 Qb7 25.Rd1 axb4 26.axb4 Qa7 27.Rdc1 Qb7 28.Rc8+ Bf8 29.Rxb8 Qxb8
30.Nf6+ Kg7 31.Nd7 Qb7 32.Qd4+ Kg8 33.Rc7 Qa8 34.Qc4 d5 35.Qxb5  1-0

[Event "Corsica f m"]
[Site "Bastia"]
[Date "1998.??.??"]
[Round "1.2"]
[White "Chernin, Alexander"]
[Black "Bologan, Viktor"]
[Result "1-0"]
[WhiteElo "2610"]
[BlackElo "2585"]

1.d4 d5 2.Bg5 Nf6 3.e3 Nbd7 4.c4 Ne4 5.Bh4 c6 6.Nc3 Qa5 7.Qc2 Nb6 8.cxd5 Nxd5
9.Rc1 Bf5 10.Qb3 O-O-O 11.Nf3 g5 12.Bxg5 Rg8 13.Bh4 Nexc3 14.bxc3 Be4 15.Bg3 Bxf3
16.gxf3 f5 17.Bh3 e6 18.O-O Bd6 19.c4 Nc7 20.Rb1 Qa6 21.Kh1 Bxg3 22.fxg3 h5
23.Rfd1 Rd7 24.Bf1 c5 25.dxc5 Rxd1 26.Rxd1 Qc6 27.Bg2 Qxc5 28.f4 b6 29.Qd3 a5
30.e4 h4 31.exf5 exf5 32.Qf3  1-0

[Event "Regionalliga SO9798"]
[Site "Bayern"]
[Date "1998.??.??"]
[Round "?"]
[White "Haller, Christoph"]
[Black "Kunze, Holger"]
[Result "1/2-1/2"]
[WhiteElo "2120"]
[BlackElo "2090"]

1.d4 Nf6 2.Bg5 c5 3.Nf3 Qb6 4.Bxf6 gxf6 5.d5 Qxb2 6.Nbd2 f5 7.e3 Bg7 8.Rb1 Qxa2
9.Bc4 Qa5 10.O-O d6 11.Ng5 h6 12.Nh3 Nd7 13.e4 Ne5 14.Nf4 fxe4 15.Bb5+ Kf8
16.Nxe4 a6 17.Bd3 Nxd3 18.Qxd3 Be5 19.Ne2 Bf5 20.Rxb7 c4 21.Qxc4 Rc8 22.Qd3 Qa4
23.f3 Rg8 24.Qe3 Rg6 25.c3 Qc4 26.Rd1 Bxe4 27.fxe4 Qc5 28.Rd3 Qxe3+ 29.Rxe3 Rc4
30.Rb4 Rc5 31.g3 a5 32.Ra4 h5 33.Kg2 h4 34.c4 hxg3 35.hxg3 Kg7 36.Rb3 Kf6
37.Rb5 Rc7 38.Rbxa5 Rg8 39.Ra7 Rgc8 40.Rxc7 Rxc7 41.Kf3 Rb7 42.Ra2  1/2-1/2

[Event "Landesliga Nord 9899"]
[Site "Bayern"]
[Date "1998.??.??"]
[Round "?"]
[White "Nussbaumer, Hans"]
[Black "Hirn, Erwin"]
[Result "0-1"]
[WhiteElo "1950"]
[BlackElo "1990"]

1.d4 Nf6 2.Bg5 d5 3.Nf3 e6 4.e3 Be7 5.Bd3 Nbd7 6.Nbd2 c5 7.c3 Qc7 8.Qe2 e5
9.dxe5 Nxe5 10.Nxe5 Qxe5 11.Bb5+ Bd7 12.Bxf6 Qxf6 13.Bxd7+ Kxd7 14.Rd1 Kc7
15.Nb3 Rad8 16.O-O Rhe8 17.a4 Bd6 18.Qb5 a6 19.Qa5+ Kc6 20.c4 dxc4 21.Nd4+ cxd4
22.Rxd4 Qe5 23.Rxc4+ Kd7 24.Qxe5 Bxe5 25.f4 Bd6 26.e4 f6 27.Rd1 Ke7 28.Rf1 Rc8
29.Rxc8 Rxc8 30.g3 Rc4 31.b3 Rxe4 32.Kg2 Re2+ 33.Kh3 Re3 34.Rb1 Bxf4 35.Kg4 Be5
36.b4 Re2 37.b5 axb5 38.Rxb5 Rb2 39.Ra5 Rxh2 40.Ra7 Rb2 41.a5 Bd4 42.Ra8 Be5
43.Ra7 Ke6 44.a6 bxa6 45.Rxa6+ Bd6 46.Ra7 Rb3  0-1

[Event "Regionalliga SW9798"]
[Site "Bayern"]
[Date "1998.??.??"]
[Round "?"]
[White "Schuster, Karsten"]
[Black "Schwarm, Gordon Charles"]
[Result "1/2-1/2"]
[WhiteElo "2115"]
[BlackElo "2015"]

1.d4 Nf6 2.Bg5 d5 3.c4 e6 4.cxd5 exd5 5.Nc3 c6 6.Qc2 Bb4 7.e3 h6 8.Bh4 Nbd7
9.Bd3 Qe7 10.Nf3 O-O 11.O-O Re8 12.a3 Bxc3 13.Qxc3 Qe6 14.b4 Ne4 15.Qc2 a6
16.a4 Ndf6 17.b5 axb5 18.axb5 Bd7 19.Ne5 Rxa1 20.Rxa1 Rc8 21.Nxd7 Nxd7 22.Ra7 Nd6
23.Bg3 cxb5 24.Qb2 Nf6 25.Bxd6 Qxd6 26.Rxb7 Qc6 27.Rxb5 Qc1+ 28.Qxc1 Rxc1+
29.Bf1 Ne4 30.Rb2 Rd1 31.f3 Nd2 32.Kf2 Nxf1 33.Rb8+ Kh7 34.Rd8 Nxh2 35.Rxd5 g5
36.e4 Kg6 37.Rd6+ Kg7 38.d5 g4 39.f4 h5 40.Kg3 Rh1 41.e5 Nf1+ 42.Kf2 Nd2
43.Rd7 Ne4+ 44.Ke2 Kf8 45.d6 Ke8 46.Re7+ Kf8 47.Rc7 Ke8 48.Re7+ Kf8  1/2-1/2

[Event "Landesliga Nord9798"]
[Site "Bayern"]
[Date "1998.??.??"]
[Round "?"]
[White "Eiber, Manfred"]
[Black "Zvara, Petr"]
[Result "0-1"]
[WhiteElo "2205"]
[BlackElo "2400"]

1.d4 Nf6 2.Bg5 d5 3.f3 g6 4.e4 dxe4 5.Nc3 exf3 6.Nxf3 Bg7 7.Bc4 O-O 8.O-O Bg4
9.h3 Bxf3 10.Rxf3 Nc6 11.Ne2 Ne4 12.Be3 Nd6 13.Bb3 Nf5 14.Bf2 Ncxd4 15.Rd3 Nxb3
16.axb3 Qc8 17.g4 Nd6 18.Bh4 e6 19.c3 h6 20.Be7 Re8 21.Bxd6 cxd6 22.Rxd6 a6
23.Ra4 Rd8 24.Rc4 Qb8 25.Rd7 b5 26.Rc6 Qa7+  0-1

[Event "Landesliga Nord9798"]
[Site "Bayern"]
[Date "1998.??.??"]
[Round "?"]
[White "Stiller, Juergen"]
[Black "Liepold, Stefan"]
[Result "1-0"]
[WhiteElo "2145"]
[BlackElo "2200"]

1.d4 Nf6 2.Bg5 c5 3.Bxf6 gxf6 4.d5 Qb6 5.Qc1 f5 6.g3 Bg7 7.c3 Na6 8.Bg2 Nc7
9.Nd2 Qd6 10.Nc4 Qa6 11.Qf4 Nb5 12.Kf1 Nd4 13.Na3 Nb5 14.Nxb5 Qxb5 15.Qd2 d6
16.Nf3 h5 17.Nh4 Bf6 18.Bh3 f4 19.Bxc8 Rxc8 20.Nf5 f3 21.Ke1 Qxe2+ 22.Qxe2 fxe2
23.Kxe2 Kd7 24.Rad1 b5 25.Rd2 a5 26.a4 b4 27.c4 Rcg8 28.h4 Ra8 29.b3 Rag8
30.Ke3 Be5 31.Kf3 Rg4 32.Rhd1 Bc3 33.Re2 Be5 34.Kg2 Rgg8 35.Kh3 Rg4 36.f3 Rg6
37.Rg2 Rhg8 38.g4 hxg4+ 39.fxg4 e6 40.Ne3  1-0

[Event "Oberliga Bayern9899"]
[Site "Bayern"]
[Date "1998.??.??"]
[Round "?"]
[White "Bischof, Robert"]
[Black "Gschwendtner, Michael"]
[Result "0-1"]
[WhiteElo "2070"]
[BlackElo "2170"]

1.d4 Nf6 2.Bg5 d5 3.Bxf6 exf6 4.e3 c6 5.c4 Qb6 6.Qc2 Na6 7.a3 Bf5 8.Qd2 Bxb1
9.c5 Nxc5 10.dxc5 Bxc5 11.b4 Bxe3 12.fxe3 Be4 13.Nf3 O-O 14.Qd4 Rfe8 15.Kf2 Qc7
16.Be2 a5 17.g3 b6 18.Rhc1 Rec8 19.Nd2 c5 20.Qc3 axb4 21.axb4 Rxa1 22.Rxa1 Bf5
23.Bf3 Be6 24.Nb3 Qe5 25.Rc1 Qxc3 26.Rxc3 cxb4 27.Rxc8+ Bxc8 28.Bxd5 Be6
29.e4 Bd7 30.Ke3 Kf8 31.Kd4 Ke7 32.Nd2 f5 33.Nc4 fxe4 34.Nxb6 f5 35.Bg8 Be6
36.Bxh7 Kf6 37.g4 g6 38.Na4 Kg7 39.Ke5 e3 40.Nb2 Bc4  0-1

[Event "Oberliga Bayern9899"]
[Site "Bayern"]
[Date "1998.??.??"]
[Round "?"]
[White "Sailer, Wolfgang"]
[Black "Spitzl, Bertram"]
[Result "0-1"]
[WhiteElo "2170"]
[BlackElo "2135"]

1.d4 Nf6 2.Bg5 d5 3.Bxf6 gxf6 4.c4 dxc4 5.e3 Be6 6.Nc3 c6 7.a4 Qb6 8.Qd2 Na6
9.Nge2 Bh6 10.Ng3 O-O-O 11.a5 Qc7 12.Ra4 Nc5 13.Ra2 Nb3 14.Qc2 Nxa5 15.Nge4 Nb3
16.Rxa7 Kb8 17.Ra3 b5 18.Na2 Kb7 19.Nb4 Ra8 20.Rxb3 cxb3 21.Nc5+ Kb6 22.Nxb3 Bxb3
23.Qxb3 Ra1+ 24.Kd2 Rd8 25.Qc3 Qd6 26.Kc2 c5 27.dxc5+ Qxc5 28.Qxc5+ Kxc5
29.Nd3+ Kb6 30.g3 e6 31.Bg2 Rxh1 32.Bxh1 Bf8 33.Bf3 Bd6 34.h3 Ka5 35.Be4 h6
36.Bf3 Ka4 37.Bh5 Rd7 38.Nc1 Rc7+ 39.Kd1 Be5 40.b3+ Ka3 41.Be2 b4 42.f4 Bd6
43.Bc4 Rxc4 44.bxc4 b3 45.Nd3 Ka2 46.Nc1+ Kb2 47.Nd3+ Kc3 48.c5 Kxd3  0-1

[Event "Landesliga Nord9798"]
[Site "Bayern"]
[Date "1998.??.??"]
[Round "?"]
[White "Polzer, Hans"]
[Black "Deckert, Marc"]
[Result "0-1"]
[WhiteElo "2100"]
[BlackElo "2135"]

1.d4 Nf6 2.Bg5 c5 3.Bxf6 gxf6 4.d5 Qb6 5.Qc1 d6 6.c4 Bg7 7.Nc3 Nd7 8.e3 Ne5
9.f4 Ng4 10.h3 Nh6 11.g4 Ng8 12.Nge2 h5 13.gxh5 Rxh5 14.Ng3 Rh8 15.Qc2 Bd7
16.O-O-O O-O-O 17.Nf5 Bf8 18.h4 e6 19.Ng3 f5 20.Be2 Nf6 21.Bf3 Be7 22.h5 Rdg8
23.Rh3 Ng4 24.Bxg4 Rxg4 25.Qb3 Qa5 26.Rdh1 a6 27.h6 Rh7 28.Nce2 Bf6 29.e4 b5
30.exf5 exf5 31.Nh5 Bh8 32.cxb5 Bxb5 33.Nc3 Bd7 34.Re3 Rxh6 35.Rhe1 Rxh5
36.Re8+ Bxe8 37.Rxe8+ Kd7 38.Qb8 Rh1+ 39.Kc2 Rg2+ 40.Ne2 Qa4+ 41.b3 Qxa2+  0-1

[Event "Landesliga Nord9798"]
[Site "Bayern"]
[Date "1998.??.??"]
[Round "?"]
[White "Stiller, Juergen"]
[Black "Kuhn, Norbert"]
[Result "1-0"]
[WhiteElo "2145"]
[BlackElo "2155"]

1.d4 Nf6 2.Bg5 d5 3.Bxf6 exf6 4.e3 Bd6 5.c4 c6 6.Nc3 O-O 7.cxd5 cxd5 8.g3 Nc6
9.Bg2 Re8 10.Nge2 Bg4 11.O-O Qa5 12.Qb3 Rad8 13.Bxd5 Re7 14.Bg2 Qh5 15.Nc1 Bb8
16.Nd3 Bf3 17.Rac1 h6 18.Nc5 b6 19.Na6 f5 20.Bxf3 Qxf3 21.Qd1 Qxd1 22.Rfxd1 Red7
23.Nb5 Ne7 24.Rc4 Nd5 25.Rdc1 Kf8 26.Rc8 Bd6 27.Rxd8+ Rxd8 28.Nxa7 Ke8 29.Nb5 Kd7
30.Nxd6 Kxd6 31.a3 Ra8 32.Nb4 Nxb4 33.axb4 Ra4 34.b5 Rb4 35.Rc6+ Kd5 36.Rxb6 Rxb2
37.Rb7 Ke6 38.Kg2 g5 39.Rb6+ Kd5 40.Rf6 Ke4 41.Rxf7 Rxb5 42.Re7+ Kd3 43.Re5  1-0

[Event "Oberliga Bayern9798"]
[Site "Bayern"]
[Date "1998.??.??"]
[Round "?"]
[White "Gerer, Josef"]
[Black "Hochreiter, Josef"]
[Result "1-0"]
[WhiteElo "2105"]
[BlackElo "2155"]

1.d4 Nf6 2.Bg5 g6 3.Bxf6 exf6 4.g3 Bg7 5.Bg2 O-O 6.e3 d6 7.Ne2 c6 8.c4 Bg4
9.Nbc3 Re8 10.h3 Bxe2 11.Qxe2 f5 12.Qd3 Nd7 13.O-O Nf6 14.b4 Qe7 15.b5 c5
16.a4 Rac8 17.a5 cxd4 18.exd4 Qc7 19.Ra4 a6 20.Rb1 Rb8 21.Nd5 Nxd5 22.Bxd5 Qd8
23.Ra3 f4 24.g4 Qf6 25.Rab3 axb5 26.Rxb5 Qxd4 27.Qxd4 Bxd4 28.Rxb7 Rxb7 29.Rxb7 Re5
30.Kf1 f3 31.a6 Re2 32.Rxf7 Rxf2+ 33.Ke1 Re2+ 34.Kd1 Kh8 35.a7 Bxa7 36.Rxa7 Rh2
37.Bxf3 Rxh3 38.Ke2 h5 39.gxh5 gxh5 40.Rd7 Rh4 41.Bd5  1-0